[Event "Liga Madrileña - DH 2013-2014"]
[Site "Madrid ESP"]
[Date "2014.03.15"]
[Round "14.42"]
[White "Vazquez Igarza, Renier"]
[Black "Rubio Mejia, Luis Ignacio"]
[Result "1-0"]
[WhiteElo "2588"]
[BlackElo "2452"]
[PlyCount "97"]
[EventDate "2013.11.18"]
[EventType "team-tourn"]
[EventRounds "14"]
[EventCountry "ESP"]
[Source "lmi"]
[SourceDate "2013.11.18"]
[WhiteTeam "Collado Villalba"]
[BlackTeam "Virgen de Atocha"]
[WhiteTeamCountry "ESP"]
[BlackTeamCountry "ESP"]

1. Nf3 Nf6 2. c4 e6 3. Nc3 c5 4. e3 Nc6 5. d4 cxd4 6. exd4 d5 7. a3 Be7 8. c5
Ne4 9. Bd2 Bf6 10. Bb5 O-O 11. Bxc6 bxc6 12. O-O Rb8 13. Qc2 Nxd2 14. Qxd2 Ba6
15. Rfe1 Qc7 16. b4 Rb7 17. Ne5 Rfb8 18. Ng4 Be7 19. Rab1 Bc4 20. Ne5 Rd8 21.
h3 Bf6 22. Ng4 Be7 23. Ne5 Bf6 24. f4 g6 25. Rb2 Kg7 26. Qf2 Kg8 27. Kh1 Rbb8
28. Reb1 Kg7 29. Qe3 Kg8 30. Rc2 a5 31. Na4 axb4 32. axb4 Bb5 33. Nb6 Rb7 34.
Ra1 Ra7 35. Rca2 Rxa2 36. Rxa2 h5 37. Ra5 Qe7 38. Kh2 Bg7 39. Qa3 Qf6 40. Qe3
Bh6 41. g3 Qf5 42. Ra2 Qb1 43. Rf2 Bg7 44. Qc3 Re8 45. Qb2 Qe4 46. Qd2 Re7 47.
Nc8 Rc7 48. Nd6 Ra7 49. Nxe4 1-0

[Event "Liga Madrileña - DH 2013-2014"]
[Site "Madrid ESP"]
[Date "2014.03.15"]
[Round "14.43"]
[White "Martinez Martin, David"]
[Black "Arribas Lopez, Angel"]
[Result "1-0"]
[WhiteElo "2400"]
[BlackElo "2488"]
[PlyCount "105"]
[EventDate "2013.11.18"]
[EventType "team-tourn"]
[EventRounds "14"]
[EventCountry "ESP"]
[Source "lmi"]
[SourceDate "2013.11.18"]
[WhiteTeam "Virgen de Atocha"]
[BlackTeam "Collado Villalba"]
[WhiteTeamCountry "ESP"]
[BlackTeamCountry "ESP"]

1. Nf3 Nc6 2. e4 e5 3. Bb5 Nf6 4. O-O Nxe4 5. Re1 Nd6 6. Nxe5 Nxe5 7. Rxe5+ Be7
8. Bf1 O-O 9. d4 Bf6 10. Re1 a5 11. c3 Bg5 12. Bxg5 Qxg5 13. Nd2 Nf5 14. Nf3
Qf6 15. Qd2 d6 16. Qf4 a4 17. a3 Be6 18. Bd3 Ra5 19. g4 Qh6 20. Qxh6 Nxh6 21.
h3 g5 22. Kh2 Kg7 23. Kg3 Ng8 24. c4 c6 25. d5 cxd5 26. Nxg5 dxc4 27. Nxe6+
fxe6 28. Bxc4 e5 29. Rad1 Rf6 30. Rd5 Rxd5 31. Bxd5 Ne7 32. Bxb7 Rf8 33. Re4
Rb8 34. Rb4 d5 35. f4 e4 36. f5 e3 37. Kf3 d4 38. Be4 Rd8 39. Rb7 Kf6 40. g5+
Kxg5 41. Rxe7 d3 42. Kxe3 d2 43. Bc2 d1=Q 44. Bxd1 Rxd1 45. Rxh7 Re1+ 46. Kd2
Rh1 47. Kc2 Kxf5 48. Rh4 Ke5 49. Rxa4 Rxh3 50. Rc4 Kd5 51. Rc8 Rh2+ 52. Kb1 Kd4
53. Ka2 1-0

[Event "Liga Madrileña - DH 2013-2014"]
[Site "Madrid ESP"]
[Date "2014.03.15"]
[Round "14.44"]
[White "Moreno Ruiz, Javier"]
[Black "Rabadan Velasco, Raul"]
[Result "1-0"]
[WhiteElo "2470"]
[BlackElo "2280"]
[PlyCount "117"]
[EventDate "2013.11.18"]
[EventType "team-tourn"]
[EventRounds "14"]
[EventCountry "ESP"]
[Source "lmi"]
[SourceDate "2013.11.18"]
[WhiteTeam "Collado Villalba"]
[BlackTeam "Virgen de Atocha"]
[WhiteTeamCountry "ESP"]
[BlackTeamCountry "ESP"]

1. d4 d6 2. Nf3 f5 3. Nc3 Nf6 4. Bg5 Nbd7 5. Qd3 g6 6. e4 fxe4 7. Nxe4 Bg7 8.
Nxf6+ exf6 9. Qe4+ Qe7 10. Qxe7+ Kxe7 11. Bd2 Nb6 12. O-O-O Bg4 13. Be2 Rhe8
14. h3 Be6 15. Rhe1 Kd7 16. b3 Re7 17. a4 Rae8 18. a5 Nc8 19. a6 bxa6 20. Bxa6
Bd5 21. Be3 f5 22. Rg1 c6 23. Bg5 Rf7 24. Bf4 Bxf3 25. gxf3 d5 26. c3 Nd6 27.
Kc2 Nb5 28. Kd3 Nc7 29. Ra1 Ne6 30. Be3 Rb8 31. b4 Bf8 32. Kc2 Bd6 33. Rgb1 Bf4
34. Be2 Rb7 35. b5 Bxe3 36. bxc6+ Kxc6 37. fxe3 Rxb1 38. Rxb1 Rb7 39. Ra1 Nc7
40. h4 a6 41. h5 Rb6 42. Bd3 Kb7 43. hxg6 hxg6 44. e4 fxe4 45. fxe4 dxe4 46.
Bxe4+ Ka7 47. Rg1 Re6 48. Kd3 a5 49. Rxg6 Re7 50. Bc6 Ne6 51. Rf6 Nd8 52. Bd5
Rc7 53. Bc4 Nc6 54. Bb5 Ne7 55. c4 Kb7 56. d5 Ng8 57. Rf8 Rg7 58. d6 Kb6 59. d7
1-0

[Event "Liga Madrileña - DH 2013-2014"]
[Site "Madrid ESP"]
[Date "2014.03.15"]
[Round "14.45"]
[White "Vazquez Torres, Adrian"]
[Black "Pena Gomez, Manuel"]
[Result "1/2-1/2"]
[WhiteElo "2179"]
[BlackElo "2417"]
[PlyCount "214"]
[EventDate "2013.11.18"]
[EventType "team-tourn"]
[EventRounds "14"]
[EventCountry "ESP"]
[Source "lmi"]
[SourceDate "2013.11.18"]
[WhiteTeam "Virgen de Atocha"]
[BlackTeam "Collado Villalba"]
[WhiteTeamCountry "ESP"]
[BlackTeamCountry "ESP"]

1. e4 c5 2. Nf3 e6 3. d4 cxd4 4. Nxd4 Nc6 5. Nc3 Qc7 6. Be3 a6 7. Bd3 Nf6 8.
Nxc6 bxc6 9. O-O d5 10. Qe2 Be7 11. exd5 cxd5 12. Bd4 O-O 13. a4 Bb7 14. Rfe1
Qf4 15. Rad1 Rfc8 16. g3 Qh6 17. Qf3 Bc5 18. Bxc5 Rxc5 19. Qe2 Nd7 20. f3 Rc7
21. Qf2 Qf6 22. Bf1 Rb8 23. Rd2 Ne5 24. f4 Nc4 25. Bxc4 Rxc4 26. Qa7 Rcc8 27.
Qd4 Qxd4+ 28. Rxd4 Ba8 29. Nd1 Rxc2 30. f5 exf5 31. Ne3 Rcxb2 32. Nxf5 Kf8 33.
Ne3 Re8 34. h4 h5 35. Kf1 Re4 36. Nf5 Rxd4 37. Nxd4 Rd2 38. Nf5 Bc6 39. Rb1 Kg8
40. Ne7+ Kh7 41. Nxc6 d4 42. Rb4 d3 43. Rd4 Rd1+ 44. Kf2 Rc1 45. Nb4 d2 46.
Rxd2 Rc4 47. Nxa6 Rxa4 48. Nc5 Ra3 49. Rd5 Kg6 50. Nd3 Kf6 51. Ke3 g6 52. Ke4
Ra4+ 53. Rd4 Ra3 54. Rd6+ Ke7 55. Rb6 Rc3 56. Rb4 Ra3 57. Rd4 Kf6 58. Kf4 Ra5
59. Nf2 Rf5+ 60. Ke3 Ra5 61. Kf3 Ke6 62. Re4+ Kf6 63. Nd1 Ra1 64. Ne3 Ra3 65.
Kf4 Rd3 66. Rc4 Ke6 67. Ke4 Ra3 68. Rc6+ Kd7 69. Rb6 Ke8 70. Rb7 Kf8 71. Kf4
Ra4+ 72. Ke5 Ra3 73. Kf4 Ra4+ 74. Kf3 Ra3 75. Rc7 Ke8 76. Kf4 Rd3 77. Rb7 Kf8
78. Ke4 Ra3 79. Rc7 Ke8 80. Kf4 Rd3 81. Rc5 Ke7 82. Ke4 Ra3 83. Rb5 Kf8 84. Kf4
Ke8 85. Rb6 Ra4+ 86. Ke5 Ra3 87. Kd4 Kd7 88. Rb8 Ke6 89. Re8+ Kf6 90. Nd5+ Kg7
91. Nc3 Rb3 92. Ne4 Ra3 93. Ke5 Ra5+ 94. Kf4 Ra4 95. Rd8 Ra3 96. Rd7 Ra4 97.
Kf3 Ra3+ 98. Kg2 Ra2+ 99. Kh3 Kg8 100. Ng5 Rf2 101. g4 hxg4+ 102. Kxg4 Rf1 103.
Nf3 Rf2 104. Ne5 Rf5 105. Nd3 Ra5 106. Nf4 Re5 107. Rd5 Re4 1/2-1/2

[Event "Liga Madrileña - DH 2013-2014"]
[Site "Madrid ESP"]
[Date "2014.03.15"]
[Round "14.46"]
[White "Ortega Ruiz, Jose Miguel"]
[Black "Perez de Aranda, Leonardo Ivan"]
[Result "1/2-1/2"]
[WhiteElo "2366"]
[BlackElo "2115"]
[PlyCount "133"]
[EventDate "2013.11.18"]
[EventType "team-tourn"]
[EventRounds "14"]
[EventCountry "ESP"]
[Source "lmi"]
[SourceDate "2013.11.18"]
[WhiteTeam "Collado Villalba"]
[BlackTeam "Virgen de Atocha"]
[WhiteTeamCountry "ESP"]
[BlackTeamCountry "ESP"]

1. d4 d5 2. c4 dxc4 3. e3 e5 4. Bxc4 Nc6 5. Nf3 exd4 6. exd4 Bb4+ 7. Nc3 Nf6 8.
Qe2+ Qe7 9. Qxe7+ Nxe7 10. O-O Bg4 11. Ne5 Be6 12. Bxe6 fxe6 13. Nd3 Nc6 14.
Nxb4 Nxb4 15. Bf4 Nbd5 16. Be5 Nxc3 17. bxc3 O-O-O 18. Rfe1 Rhe8 19. Re2 Rd7
20. Rae1 Nd5 21. Rc1 Rf7 22. Re4 Ref8 23. Bg3 Rf6 24. f3 g5 25. Be5 Rg6 26. c4
Nf6 27. Re2 Nd7 28. Bg3 Nb6 29. a4 a5 30. h3 Rf5 31. d5 exd5 32. c5 Nc4 33. Re7
Rc6 34. Rce1 b6 35. Rxh7 d4 36. cxb6 Nxb6 37. h4 gxh4 38. Rxh4 Rd5 39. Rd1 d3
40. Be1 Nc4 41. Bc3 d2 42. Kf2 Rd3 43. Rxc4 Rxc4 44. Bxa5 Rxa4 45. Bxd2 c5 46.
g4 Kd7 47. g5 Ke6 48. Re1+ Kf5 49. Bc1 Rc4 50. Ke2 Rcc3 51. f4 c4 52. Kf1 Rc2
53. Be3 c3 54. Bc1 Rd5 55. Kg1 Ra5 56. Be3 Raa2 57. Bd4 Kxf4 58. g6 Rg2+ 59.
Kf1 Rxg6 60. Be3+ Kf3 61. Bd4 Rd2 62. Ba7 Rh6 63. Re3+ Kf4 64. Re2 Rh1+ 65. Kg2
Rxe2+ 66. Kxh1 Kg3 67. Bg1 1/2-1/2